|
|
|
|
| LEADER |
03107nam a22004213i 4500 |
| 001 |
EBC6765039 |
| 003 |
MiAaPQ |
| 005 |
20231204023219.0 |
| 006 |
m o d | |
| 007 |
cr cnu|||||||| |
| 008 |
231204s2018 xx o ||||0 ger d |
| 020 |
|
|
|a 9783839441794
|q (electronic bk.)
|
| 020 |
|
|
|z 9783837641790
|
| 035 |
|
|
|a (MiAaPQ)EBC6765039
|
| 035 |
|
|
|a (Au-PeEL)EBL6765039
|
| 035 |
|
|
|a (OCoLC)1024021338
|
| 040 |
|
|
|a MiAaPQ
|b eng
|e rda
|e pn
|c MiAaPQ
|d MiAaPQ
|
| 100 |
1 |
|
|a Hadwiger, Felix.
|
| 245 |
1 |
0 |
|a Menschenrechte im Unternehmen durchsetzen :
|b Internationale Arbeitnehmerrechte: Die UN-Leitprinzipien als Hebel für Betriebsräte und Gewerkschaften.
|
| 250 |
|
|
|a 1st ed.
|
| 264 |
|
1 |
|a Bielefeld :
|b transcript,
|c 2018.
|
| 264 |
|
4 |
|c {copy}2017.
|
| 300 |
|
|
|a 1 online resource (240 pages)
|
| 336 |
|
|
|a text
|b txt
|2 rdacontent
|
| 337 |
|
|
|a computer
|b c
|2 rdamedia
|
| 338 |
|
|
|a online resource
|b cr
|2 rdacarrier
|
| 490 |
1 |
|
|a Forschung aus der Hans-Böckler-Stiftung ;
|v v.191
|
| 505 |
0 |
|
|a Intro -- Editorial -- Inhalt -- Abkürzungsverzeichnis -- Zusammenfassung -- 1. Einleitung: Die UN-Leitprinzipien für Wirtschaft und Menschenrechte als Thema für Arbeitnehmervertretungen -- 2. Wirtschaftliche Globalisierung - Auswirkungen auf die Arbeit von Gewerkschaften -- 3. Zur Relevanz privater Akteure für die Steuerung und Regulierung der globalen Wirtschaft -- 4. Die UN-Leitprinzipien für Wirtschaft und Menschenrechte -- 5. Stärkung von Governance im Bereich Wirtschaft und Menschenrechte - weitere Schritte -- 6. Kooperationen zwischen Gewerkschaften und NGOs im Bereich Wirtschaft und Menschenrechte in Deutschland -- 7. Die Einflussnahme deutscher Gewerkschaften auf die Umsetzung von Menschenrechten -- 8. Die Strategien der globalen und europäischen Gewerkschaftsverbände im Handlungsfeld Menschenrechte -- 9. Globale Rahmenvereinbarungen als Instrument gewerkschaftlicher Politik -- 10. Unternehmen und Menschenrechte - Wie setzen international tätige Unternehmen die Anforderungen an ein verantwortliches Unternehmenshandeln um? -- 11. Die Beteiligung der betrieblichen Arbeitnehmervertretungen an der Ausgestaltung der menschenrechtlichen Sorgfaltspflicht von Unternehmen -- 12. Fazit: Die menschenrechtliche Verantwortung von Unternehmen und die Rolle der Arbeitnehmervertretungen -- Literaturverzeichnis -- Autorinnen und Autoren.
|
| 588 |
|
|
|a Description based on publisher supplied metadata and other sources.
|
| 590 |
|
|
|a Electronic reproduction. Ann Arbor, Michigan : ProQuest Ebook Central, 2023. Available via World Wide Web. Access may be limited to ProQuest Ebook Central affiliated libraries.
|
| 655 |
|
4 |
|a Electronic books.
|
| 700 |
1 |
|
|a Hamm, Brigitte.
|
| 700 |
1 |
|
|a Vitols, Katrin.
|
| 700 |
1 |
|
|a Wilke, Peter.
|
| 776 |
0 |
8 |
|i Print version:
|a Hadwiger, Felix
|t Menschenrechte im Unternehmen durchsetzen
|d Bielefeld : transcript,c2018
|z 9783837641790
|
| 797 |
2 |
|
|a ProQuest (Firm)
|
| 830 |
|
0 |
|a Forschung aus der Hans-Böckler-Stiftung
|
| 856 |
4 |
0 |
|u https://ebookcentral.proquest.com/lib/matrademy/detail.action?docID=6765039
|z Click to View
|